Statistics for Boston Celtics: Most 3-PT FGs Each Year

Click here to take the quiz!

General Stats

  • This quiz has been taken 66 times
    (9 since last reset)
  • The average score is 28 of 41

Answer Stats

Year Player 3-PT FGs % Correct
1998-1999Paul Pierce84
100%
1994-1995Dee Brown126
100%
2015-2016Isaiah Thomas167
100%
1982-1983Larry Bird22
100%
2007-2008Ray Allen180
89%
2019-2020Jayson Tatum189
89%
2000-2001Antoine Walker221
78%
2017-2018Kyrie Irving166
78%
1987-1988Danny Ainge148
56%
2013-2014Jeff Green135
56%
2014-2015Avery Bradley124
56%
1995-1996Dana Barros150
22%
1979-1980Chris Ford70
22%
1992-1993Kevin Gamble52
11%
2005-2006Raef LaFrentz112
11%
1983-1984Gerald Henderson20
11%
1993-1994Rick Fox33
0%
1996-1997Todd Day126
0%
2003-2004Walter McCarty137
0%

Score Distribution

Percentile by Number Answered

Percent of People with Each Score

Your Score History

You have not taken this quiz since the last reset